Song out of darkness : (Record no. 856263)
[ view plain ]
| 000 -LEADER | |
|---|---|
| fixed length control field | 01091nam a2200325 a 4500 |
| 001 - CONTROL NUMBER | |
| control field | vtls001402382 |
| 003 - CONTROL NUMBER IDENTIFIER | |
| control field | NLI |
| 005 - DATE AND TIME OF LATEST TRANSACTION | |
| control field | 20210627112955.0 |
| 008 - FIXED-LENGTH DATA ELEMENTS--GENERAL INFORMATION | |
| fixed length control field | 121127s1961 enk 000 p eng |
| 020 ## - INTERNATIONAL STANDARD BOOK NUMBER | |
| Terms of availability | Rs. 16.00 |
| 039 #9 - LEVEL OF BIBLIOGRAPHIC CONTROL AND CODING DETAIL [OBSOLETE] | |
| -- | 201211272017 |
| -- | VLOAD |
| 040 ## - CATALOGING SOURCE | |
| Original cataloging agency | NLI |
| Language of cataloging | eng |
| Transcribing agency | Datasoft_2012 |
| Description conventions | AACR2 |
| 041 1# - LANGUAGE CODE | |
| Language code of text/sound track or separate title | eng |
| Language code of original | ukr |
| 044 ## - COUNTRY OF PUBLISHING/PRODUCING ENTITY CODE | |
| MARC country code | enk |
| 082 04 - DEWEY DECIMAL CLASSIFICATION NUMBER | |
| Classification number | 891.791 |
| 100 1# - MAIN ENTRY--PERSONAL NAME | |
| Personal name | Shevchenko, Taras, |
| Dates associated with a name | 1814-1861 |
| 9 (RLIN) | 685289 |
| 245 10 - TITLE STATEMENT | |
| Title | Song out of darkness : |
| Remainder of title | Taras, Shevchenko : selected poems / |
| Statement of responsibility, etc. | translated [from the Ukrainian] by Vera Rich |
| 260 ## - PUBLICATION, DISTRIBUTION, ETC. | |
| Place of publication, distribution, etc. | London : |
| Name of publisher, distributor, etc. | Mitre Press, |
| Date of publication, distribution, etc. | c1961 |
| 300 ## - PHYSICAL DESCRIPTION | |
| Extent | xxxii, 128 p. ; |
| Dimensions | 22 cm. |
| 440 #0 - SERIES STATEMENT/ADDED ENTRY--TITLE | |
| Title | His Works in English translation; poetry ; |
| Volume/sequential designation | v. 1, pt. 1 |
| 9 (RLIN) | 975543 |
| 504 ## - BIBLIOGRAPHY, ETC. NOTE | |
| Bibliography, etc. note | Bibliography : p. 125-128 |
| 600 10 - SUBJECT ADDED ENTRY--PERSONAL NAME | |
| Personal name | Shevchenko, Taras, |
| Dates associated with a name | 1814-1861 |
| General subdivision | Criticism and interpretation |
| 9 (RLIN) | 686457 |
| 650 #0 - SUBJECT ADDED ENTRY--TOPICAL TERM | |
| Topical term or geographic name entry element | Ukrainian poetry |
| 9 (RLIN) | 975544 |
| 700 1# - ADDED ENTRY--PERSONAL NAME | |
| Personal name | Rich, Vera, |
| Relationship | trl |
| 9 (RLIN) | 975545 |
| 887 ## - NON-MARC INFORMATION FIELD | |
| Content of non-MARC field | |
| 901 ## - LOCAL DATA ELEMENT A, LDA (RLIN) | |
| a | 364817 |
| b | 27.07.1964 |
| 902 ## - LOCAL DATA ELEMENT B, LDB (RLIN) | |
| a | E 891.791 Sh 59 s |
| 949 ## - LOCAL PROCESSING INFORMATION (OCLC) | |
| -- | VIRTUAITEM |
| -- | 10000 |
| -- | 100 |
| 6 | PUR000364817ENG |
| 942 ## - ADDED ENTRY ELEMENTS (KOHA) | |
| Source of classification or shelving scheme | Dewey Decimal Classification |
| Koha item type | Books |
| Withdrawn status | Lost status | Damaged status | Not for loan | Collection code | Home library | Current library | Shelving location | Date acquired | Total Checkouts | Full call number | Barcode | Date last seen | Price effective from | Koha item type |
|---|---|---|---|---|---|---|---|---|---|---|---|---|---|---|
| New English | National Library of India | National Library of India | New English - Main Stack Division | E 891.791 Sh 59 s | PUR000364817ENG | 27/06/2021 | 27/06/2021 | Books |
